000 00621nam a2200193Ia 4500
008 151121s9999||||xx |||||||||||||| ||und||
082 _a813/कदम
082 _bHNW-115069
100 _aकदम बाबा
245 _aशेवटचे स्टेशन
260 _b"दिलीपराज प्रकाशन प्रा। लि।, पुणे।"
260 _c2007
300 _a132
600 _aकदम बाबा
630 _aशेवटचे स्टेशन
700 _aकदम बाबा
730 _aशेवटचे स्टेशन
942 _cBOOK
999 _c1263857
_d1263854